| 000 | 00311nam a2200121Ia 4500 | ||
|---|---|---|---|
| 008 | 230907s9999||||xx |||||||||||||| ||und|| | ||
| 082 |
_a621.3191 _bDUG |
||
| 100 |
_aDugan, Roger C. _9115353 |
||
| 245 | 0 | _aElectrical power systems quality | |
| 260 |
_aMcGraw Hill _bIndia _c2012 |
||
| 300 | _a558p. | ||
| 942 | _cBK | ||
| 999 |
_c598267 _d598267 |
||